Регионална библиотека "Любен Каравелов" - Русе

Эрмитаж (Запис номер 210265)

MARC детайли
000 -Лидер
Контролно поле с фиксирана дължина 01796nkm a2200385 c 4500
003 - Код на организацията, давaща контролен номер
Контролно поле BLK
005 - Дата и час на последна редакция
Контролно поле 20250218102902.0
008 - Елементи от данни с фиксирана дължина
fixed length control field 180412b bul rap|r|||| r0| ||bulo|
010 ## - Наследен системен номер
LC control number KNG00163791000
040 ## - Източник на каталожния запис
Идентификатор на билиотеката - собственик на записа BLK
041 ## - Код за език
Код за езика на текст/звукозапис или на отделно заглавие Руски
Код за езика КДБФ Руски
080 ## - УДК
Текстов определител УДК Живопис - съвременни направления - Реализъм, импресионизъм и др. направления на ХХ в.
УДК код - определител по УДК 75.036
УДК определител (4-15):069
УДК - код + определител 75.036(4-15):069
080 ## - УДК
Текстов определител УДК Художествени музеи
УДК код - определител по УДК 069.02:73/76
УДК определител (57+57)
УДК - код + определител 069.02:73/76(57+57)
139 ## - Редно поле
Редна дума Костеневич, Альберт Григорьевич
Авторски знак Кос - К 86
245 10 - Сведения за заглавието
Заглавие Эрмитаж
Подзаглавни данни Западноевропейская живопись XIX - XX веков
Редно поле (дума) авт.-состав. Альберт Григорьевич Костеневич.
257 ## - Страна на издаване
Страна на създаване/издаване СССР
260 ## - Област на издателските данни
-- Ленинград
Име на издателя, разпространителя и проч. Аврора
Година на издаване 1986
300 ## - Физическа характеристика
Страници 380 с.
Илюстрации и др. с ил.
Размери/Мащаб 35 см
380 ## - Жанр
Жанр Изкуство
500 ## - Общи забележки
Забележка Именен показалец. - Библиогр. с. 374-375. - Списък на съкр. - 15 000 тир.
650 #4 - Допълнително описание по предмет – тема
Основно описание – тема или топоним Живопис, европейска - албуми
9 (RLIN) 314073
651 #0 - Допълнително описание по предмет - топоним
Географско понятие Западна Европа
9 (RLIN) 243454
651 #4 - Допълнително описание по предмет - топоним
Географско понятие СССР
9 (RLIN) 179592
653 ## - Ключова дума – ненормативна
Ключова дума западноевропейска живопис
653 ## - Ключова дума – ненормативна
Ключова дума XIX в.
653 ## - Ключова дума – ненормативна
Ключова дума XX в.
653 ## - Ключова дума – ненормативна
Ключова дума Ермитаж
700 1# - Други автори (авторска отговорност)
Лично име Костеневич, Альберт Григорьевич
Автороска отговорност (Описва отношението между автора и произведението) авт.-состав.
9 (RLIN) 82964
852 ## - Местоположение
Форматна сигнатура Цб Гр А ІІ 3365
856 4# - Електронен адрес и достъп
Електронен формат pdf - файл
Път до файла /url/
856 4# - Електронен адрес и достъп
Електронен формат pdf - файл
Път до файла /url/
942 ## - АРТИКУЛИ
Вид на библиотечния материал Графични издания
Скрит в OPAC Не
944 ## - СЪЗДАВАНЕ И РЕДАКЦИЯ на ЗАПИСА
Създаване/Редакция Създаване
Дата на регистрацията/редакция 25.07.2014
Статус, дата на статуса Геновева Генчева
Служител, извършил регистрацията/редакцията 30560
944 ## - СЪЗДАВАНЕ И РЕДАКЦИЯ на ЗАПИСА
Създаване/Редакция Редакция
Дата на регистрацията/редакция 04.02.2015
Статус, дата на статуса 25.07.2014 - от С1,Р / 25.07.2014
Служител, извършил регистрацията/редакцията Ирена_Линкова
999 ## - СИСТЕМНИ КОНТРОЛНИ НОМЕРА
Koha biblionumber 210265
Koha biblioitemnumber 210265
Наличности
Код за отписване Код за изгубен артикул Източник на класификационната схема Код за повреда Коз за рестрикции Код за отдаване Артикулен № Име на библиотеката - собственик Име на библиотеката, в която се намира в момента Статус (Текущо местоположение) Дата на вписване в системата Местоположение - отдел Цена в лева Инвентарен номер Систематично азбучна сигнатура Баркод Номер на екземпляра Цена в евро Служебна бележка Служебен тип на артикула
  Не е изгубен Universal Decimal Classification Не е повреден без рестрикции заемане за дома 361795 Регионална библиотека "Любен Каравелов" Русе Регионална библиотека "Любен Каравелов" Русе Отдел Изкуство - подръчен фонд 1986-01-01 Отдел Изкуство - подръчен фонд 12.24 458558 75.03/К 86 120000458558 1 6.26 Дост: Pk Вид: Ф N: стар фонд Дата: 01.01.1986 Дата инв: 04.06.2015 Бележки инв: ГрИ2015 Графични издания
  Не е изгубен Universal Decimal Classification Не е повреден без рестрикции заемане за дома 361796 Регионална библиотека "Любен Каравелов" Русе Регионална библиотека "Любен Каравелов" Русе Отдел Изкуство - подръчен фонд 1986-01-01 Отдел Изкуство - подръчен фонд 12.24 460570 75/К 86 120000460570 2 6.26 Дост: Pk Вид: Ф N: стар фонд Дата: 01.01.1986 Графични издания
Vip Innovations Ltd, Rousse, Bulgaria 2025